| 000 | 00429nam a2200157 a 4500 | ||
|---|---|---|---|
| 001 | 68 | ||
| 003 | CDMR | ||
| 005 | 20130227095749.0 | ||
| 008 | 130130s2002||||||||||||||||||||||||||||d | ||
| 040 |
_aCDMR _bcat _cCDMR |
||
| 111 | 2 |
_aMostra Fotoperiodisme _cLleida _d2002 _n4ยช _953 |
|
| 245 | 1 | 0 | _a4a Mostra fotoperiodisme de Lleida |
| 260 |
_aLleida _c2002 _bCol.legi de Periodistes de Catalunya |
||
| 300 |
_a74 p ; _c21 cm |
||
| 942 |
_cMON _2ddc |
||
| 999 |
_c68 _d68 |
||